000 00953aas a2200229 4500
999 _c4279
_d4279
003 BR-BrBNA
005 20230317234053.0
007 ta
008 230119b bl ||||| |||| 00| 0 por d
035 _a000485-5
040 _aBR-BrBNA
_bSpa
_cBR-BrBNA
042 _aN
044 _abl
245 _aEstudios WECAF
_bFAO
_cFood and Agriculture Organization of the United NationsOrganizacion de las Naciones Unidas para la Agricultura y la AlimentacionOrganization des Nations Unies pour l'Alimentation et l'Agriculture
260 _aCiudad de Panama, Panama, PA
_bFood and Agriculture Organization of the United NationsPrograma de las Naciones Unidas para el Desarollo
_c1980. Data final de publicação em 1980
_ePA
270 _aFAO, Via delle Terme di Caracalla; 00100 Roma, Italia
310 _aperiodicidade desconchecida
505 _a(8);
650 1 2 _gAGRICULTURA; RECURSO PESQUEIRO; PESCA; ALIMENTACAO
909 _a56
_bSergio Santos
_c56
_dSergio Santos
942 _cCR
_2AGRIS